PRACTICE WORKBOOK OF COMMUNITY HEALTH NURSING (Record no. 10921)

MARC details
000 -LEADER
fixed length control field 00311nam a22001337a 4500
003 - CONTROL NUMBER IDENTIFIER
control field SGT
082 ## - DEWEY DECIMAL CLASSIFICATION NUMBER
Classification number 610.734
Item number P16B
100 ## - MAIN ENTRY--PERSONAL NAME
Personal name BASVANTHAPPA, B.T.
245 ## - TITLE STATEMENT
Title PRACTICE WORKBOOK OF COMMUNITY HEALTH NURSING
260 ## - PUBLICATION, DISTRIBUTION, ETC. (IMPRINT)
Place of publication, distribution, etc INDIA
Name of publisher, distributor, etc JAYPEE
Year of Publication 2016
300 ## - PAGE DESCRIPTION
No. of Pages 226
650 ## - SUBJECT ADDED ENTRY--TOPICAL TERM
Topical term or geographic name as entry element PSYCHIATRIC
942 ## - ADDED ENTRY ELEMENTS (KOHA)
Source of classification or shelving scheme Dewey Decimal Classification
Koha item type Books
Holdings
Withdrawn status Lost status Source of classification or shelving scheme Damaged status Not for loan Collection code Home library Current library Shelving location Date acquired Vendor Name SGTU Bill Number Total Checkouts Full call number Accession No. (Barcode) Date last seen Bill Date Koha item type
    Dewey Decimal Classification     NURSING SGT Medical Library SGT Medical Library Text Book 13/02/2017 ABC SGTU 7429   610.734 P16B FN3358 13/02/2017 04/11/2016 Books
    Dewey Decimal Classification     NURSING SGT Medical Library SGT Medical Library Text Book 13/02/2017 ABC SGTU 7429   610.734 P16B FN3359 13/02/2017 04/11/2016 Books
    Dewey Decimal Classification     NURSING SGT Medical Library SGT Medical Library Text Book 13/02/2017 ABC SGTU 7429   610.734 P16B FN3360 13/02/2017 04/11/2016 Books